| 000 | 00526nam a2200193Ia 4500 | ||
|---|---|---|---|
| 005 | 20250508162508.0 | ||
| 008 | 008 250505s9999 xx 000 0 eng d | ||
| 037 | _aTextual | ||
| 040 |
_aFEDL _beng _cFEDL |
||
| 041 |
_aeng _2eng |
||
| 084 |
_a581, MUL _qFEDL |
||
| 100 |
_aMuller Walter H _9773286 |
||
| 245 | 0 | _aBotany : A functional approach | |
| 250 | _a4th | ||
| 260 |
_aNew York, USA _bMacmillan Publishing Company _c1979 |
||
| 300 | _a687p. | ||
| 942 |
_cTEXL _h581, MUL |
||
| 999 |
_c1376907 _d1376907 |
||